00555 a2200169 45000010006000000050017000060080041000230030015000640400040000790800057001192450054001760200018002302640076002483000025003240410008003491000028003576261820260407155919.0260407a1984 arg spa dAR-UNSa-BCEJYS aAR-UNSa-BCEJYSbspacAR-UNSa-BCEJYS a35(73)xAdministración Pública de Estados Unidos10aLa función pública superior en Estados Unidos a84-7351-051-6 1aMadrid :bInstituto Nacional de Administración Pública (INAP)c1984 axvii, 310 p.c19 cm. aspa1 aCruz Ferrer, Juan de la